000 00385nam a2200157Ia 4500
999 _c30887
_d30887
003 OSt
005 20250707134437.0
008 250310s9999||||xx |||||||||||||| ||und||
040 _c.
082 _a823
_bR632
100 _95978
_aRobbins, Harold
245 0 _a79 park avenue /
_cHarold Robbins
260 _aLondon :
_bNew english library,
_c1976.
300 _a271 p.
942 _cBK
_2ddc